县级行政区接壤地图#25 平江县 Pingjiang Bordering Map - Statistics

General Stats
  • This quiz has been taken 4 times
  • The average score is 5 of 7
Answers on the Map
Answers color-coded by a green-red scale on the quiz's map according to % correct below.
 
Answer Stats
% Correct
岳阳县
100%
浏阳市
100%
汨罗市
75%
长沙县
75%
通城县
75%
修水县
50%
铜鼓县
50%
No matching quizzes found
Score Distribution
Percent of People with Each Score
Percentile by Number Answered
Your Score History
You have not taken this quiz